El nuevo humanismo trascendental del P. Teilhard

Na minha lista:
Detalhes bibliográficos
Autor principal: Crusafont Pairo, Miguel
Formato: Livro
Idioma:Undetermined
Publicado em: Barcelona Federación farmacéutica 1960
Assuntos:
Tags: Adicionar Tag
Sem tags, seja o primeiro a adicionar uma tag!

MARC

LEADER 00000nam a2200000Ia 4500
008 170316s9999 xx 000 0 und d
090 |a 100 C-50n 
100 |a Crusafont Pairo, Miguel 
245 |a El nuevo humanismo trascendental del P. Teilhard 
260 |a Barcelona 
260 |b Federación farmacéutica 
260 |c 1960 
300 |a 18 páginas 
650 |a FILOSOFÍA 
999 |c 15949  |d 15949 
040 |a cru BVZT 
942 |c 15 D  |h 100 C-50n  |2 z